Dôchodkové poistenie
Dôchodkové poistenie - základná a finančne najnáročnejšia časť sociálneho poistenia. Sústava dôchodkového poistenia pozostáva v SR z troch stupňov: systém základného dôchodkového poistenia, systém doplnkového dôchodkového poistenia, systém individuálneho dôchodkového poistenia.
Salvato in:
| Autore principale: | |
|---|---|
| Natura: | Capitolo di libro |
| Lingua: | slovacco |
| Soggetti: | |
| Tags: |
Nessun Tag, puoi essere il primo ad aggiungerne!!
|
MARC
| LEADER | 00000naa a2200000 4500 | ||
|---|---|---|---|
| 001 | r027111 | ||
| 005 | 20221130073243.3 | ||
| 041 | 0 | |a slo | |
| 044 | |a SK | ||
| 245 | 1 | 0 | |a Dôchodkové poistenie |c Barbora Drugdová |
| 520 | |a Dôchodkové poistenie - základná a finančne najnáročnejšia časť sociálneho poistenia. Sústava dôchodkového poistenia pozostáva v SR z troch stupňov: systém základného dôchodkového poistenia, systém doplnkového dôchodkového poistenia, systém individuálneho dôchodkového poistenia. | ||
| 610 | 2 | 0 | |a poistenie dôchodkové |
| 610 | 2 | 0 | |a Slovensko |
| 610 | 2 | 0 | |a poistenie dôchodkové doplnkové |
| 610 | 2 | 0 | |a poistenie dôchodkové individuálne |
| 610 | 2 | 0 | |a poistenie dobrovoľné |
| 100 | 1 | |a Drugdová, Barbora | |